000 01231cab a2200241 4500
001 X129039
008 050314n2005 000 0 eng u
035 _a(Sirsi) u129039
100 _aMurray, K.
245 4 _aThe digital national framework - a cross-sector solution to GI integration
260 _c2005
490 _aGIS Professional
_v(3) March/April 2005, 38-40 (3)
520 _aHighlights the Digital National Framework (DNF), an open, politically and commercially neutral initiative that uses common encoding standards to promote wider usage of GI. The DNF was launched in 1999 to provide a permanent, maintained and definitive geographic base to which information with a geospatial content can be referenced. Examines the development of the DNF and its future and looks at the most significant implementation of DNF principles to date, namely the definition of access to land opened up under the Countryside and Rights of Way Act 2000.
590 _aABS
650 _aCOUNTRYSIDE AND RIGHTS OF WAY ACT 2000
650 _aGEOGRAPHIC INFORMATION
650 _aGIS
650 _aGEOSPATIAL INFORMATION
650 _aDIGITAL NATIONAL FRAMEWORK
650 _aMAPPING
690 _aGeomatics
_96242
942 _n0
999 _c74909
_d74909